Meaning and behaviour in the built environment (Record no. 50817)

MARC details
000 -LEADER
fixed length control field 00780nam a2200205 a 4500
008 - FIXED-LENGTH DATA ELEMENTS--GENERAL INFORMATION
fixed length control field 120416s1980 ||||||||||||||||| || u
020 ## - INTERNATIONAL STANDARD BOOK NUMBER
International Standard Book Number 0471277088
050 ## - LIBRARY OF CONGRESS CALL NUMBER
Classification number NA 2543.S6 Mea
100 ## - MAIN ENTRY--PERSONAL NAME
Personal name Broadbent, Geoffrey
245 10 - TITLE STATEMENT
Title Meaning and behaviour in the built environment
Statement of responsibility, etc. edited by Geoffrey Broadbent
260 ## - PUBLICATION, DISTRIBUTION, ETC.
Place of publication, distribution, etc. Chichester
Name of publisher, distributor, etc. John Wiley and Sons
Date of publication, distribution, etc. 1980
300 ## - PHYSICAL DESCRIPTION
Extent xiii, 372p. : ill.
350 ## - PRICE (NR) (BK AM CF MU VM SE) [OBSOLETE]
Price 0.00
650 ## - SUBJECT ADDED ENTRY--TOPICAL TERM
Topical term or geographic name entry element ARCHITECTURE--PSYCHOLOGICAL ASPECTS
650 ## - SUBJECT ADDED ENTRY--TOPICAL TERM
Topical term or geographic name entry element ARCHITECTURE--ENVIRONMENTAL ASPECTS
650 ## - SUBJECT ADDED ENTRY--TOPICAL TERM
Topical term or geographic name entry element ARCHITECTURE--HUMAN FACTORS
700 ## - ADDED ENTRY--PERSONAL NAME
Personal name Llorens, Tomas
700 ## - ADDED ENTRY--PERSONAL NAME
Personal name Bunt, Richard
995 ## - RECOMMENDATION 995 [LOCAL, UNIMARC FRANCE]
-- 0.00
-- CBU-MAIN LIBRARY (Kitwe)
-- 1
-- 28.50
-- 1
-- AVAILABLE
-- Main Library Open Access Collection
Holdings
Withdrawn status Lost status Source of classification or shelving scheme Damaged status Not for loan Home library Current library Shelving location Date acquired Total Checkouts Full call number Barcode Date last seen Price effective from Koha item type
          CBU-MAIN LIBRARY, KITWE. CBU-MAIN LIBRARY, KITWE.   11/30/2022   NA 2543.S6 Mea 010218 11/30/2022 11/30/2022 MONOGRAPH